000 00489nam a2200157 i 4500
001 85559
003 ES-MaACL
007 t|
008 041129s1957 fr ||||1| fre d
100 1 _aJuenger, Ernst.
_967194
245 1 0 _aSur l'homme et le temps essais /
_cErnst Juenger ; traduits de l'allemand par Henri Plard.
260 _aParis :
_bVille du Rocher,
_c[1957] (
_fP. Pigelet)
300 _a192 p. ;
_c19 cm.
700 1 _aPlard, Henri.
_992578
852 _aES-MaACL
_jE-5065
_bR.45302
999 _c85559
_d85559